| 000 | 00562aam a2200229 4500 | ||
|---|---|---|---|
| 005 | 20260316173446.0 | ||
| 008 | 150721b1997 xxu||||| |||| 00| 0 spa d | ||
| 020 | _a9978776025 | ||
| 041 | _aESP | ||
| 082 | _a364.153.4 SCH333g | ||
| 100 |
_aSchifter Sikora, Jacobo _911189 |
||
| 245 | _aLa casa de Lila | ||
| 260 | _aCosta Rica | ||
| 260 | _bIlpes | ||
| 260 | _c1997 | ||
| 300 | _a177 páginas | ||
| 490 | _aInvestigación Criminal | ||
| 650 | _aPROSTITUCIÓN MASCULINA | ||
| 650 | _aPRÁCTICA SEXUAL | ||
| 650 | _aCULTURA SEXUAL | ||
| 942 |
_cBK _2ddc |
||
| 999 |
_c131 _d131 |
||